000 01062cam a2200337 a 4500
999 _c23600
_d23600
001 vtls011713936
005 20240710091706.0
008 240318s2017 xo g 000 f slo
020 _a9788055157276
_q(viaz.)
035 _aurn:nbn:sk:snk-am00dzt2
035 _aurn:nbn:sk:snk-am3ia4x
035 _aECA8ED3E-CC3A-4CC1-9B55-AFFBA9C6746A
040 _aTTKJF
_bslo
_cTTKJF
_dSNK
_eAACR2
041 0 _aslo
044 _axo
_cSK
072 7 _a821.162.4-3
_xSlovenská próza
_2konspekt
080 _a821.162.4-31
_22011
080 _a(0:82-312.4)
_22011
100 1 _aNeuer, Václav,
_d1970-
_4aut
_93946
245 1 0 _aNenapravený omyl
_cVáclav Neuer
250 _a1. vyd.
260 _aBratislava
_bIkar
_c2017
300 _a309 s.
_c21 cm
490 1 _aPôvodný slovenský zločin
655 7 _aslovenské romány
_2SNKPH
_91694
655 7 _adetektívne romány
_2SNKPH
_91710
655 7 _aSlovak fiction
_2SNKPHeng
_91695
655 7 _aDetective novels
_2SNKPHeng
_91711
958 _aLX